I,M,Gone (Record no. 167967)

MARC details
000 -LEADER
fixed length control field 00412nam a22001577a 4500
005 - DATE AND TIME OF LATEST TRANSACTION
control field 20190924144309.0
010 ## - LCCN (DPL NO)
LC control number B-215290
020 ## - INTERNATIONAL STANDARD BOOK NUMBER
International Standard Book Number 8129105780
Terms of availability 295.00
035 ## - SYSTEM CONTROL NUMBER
System control number B-215290
100 ## - MAIN ENTRY--PERSONAL NAME
Personal name Jean Echenoz
245 ## - TITLE STATEMENT
Title I,M,Gone
Statement of responsibility, etc Echenoz Jean
260 ## - PUBLICATION, DISTRIBUTION, ETC. (IMPRINT)
Place of publication, distribution, etc New Delhi
Name of publisher, distributor, etc Rupa & Compony
Date of publication, distribution, etc 2004
270 ## - ADDRESS
Address 7/16, Ansari Road Daryaganj
City New Delhi
Postal code 110002
300 ## - PHYSICAL DESCRIPTION
Extent 195p.
Dimensions 19c.m.
942 ## - ADDED ENTRY ELEMENTS (KOHA)
Source of classification or shelving scheme Dewey Decimal Classification
Item type English Books
Call number prefix N
Call number suffix ECH
Holdings
Withdrawn status Lost status Not for loan Collection code Home library Current library Date acquired Cost, normal purchase price Full call number Barcode Copy number Cost, replacement price Koha item type
      Fiction Kasturba Gandhi Marg Kasturba Gandhi Marg 24/09/2019 295.00 ECH B-215290 1 295.00 English Books

© Delhi Public Library
Hit Counter
free hit counter